Представление документа в формате RUSMARC

ПолеНазваниеЗначение
  Тип записи a
  Библиографический уровень m
001 Контрольный номер RU/IS/BASE/354368078
005 Дата корректировки 20240207193116.3
010 Индекс ISBN __
d Цена 30 р. 00 к.
100 Данные общей обработки __
a Данные общей обработки 20110325d2011 ||| 0rusy0189 ca
101 Язык документа 0_
a Язык текста rus
102 Страна публикации __
a Страна публикации RU
105 Кодированные данные (монография) __
a Кодированные данные (монография) y###||||000|y
200 Заглавие и сведения об ответственности 1_
a Заглавие Библиофил. Люди, рукописи, книги. Тайны и открытия
b Общее обозначение материала Текст
h Номер части № 1
e Сведения, относящиеся к заглавию сборник
f Первые сведения об ответственности ред.-сост. А. П. Толстяков
210 Выходные данные __
a Место издания Москва
c Издательство Либерея
d Дата издания 1999
215 Физическое описание __
a Объем 240 с.
c Иллюстрации/тип воспроизводства ил.
225 Серия 1_
a Серия Приложение к журналу "Библиотека"
606 Тематические рубрики 1_
a Основная рубрика Книга - Коллекционирование книг
608 Указатель предметных рубрик __
a Жанр/форма сборник
610 Ключевые слова 1_
a Ключевые слова книга
a Ключевые слова история книги
a Ключевые слова книжное дело
a Ключевые слова коллекции книг
a Ключевые слова коллекционеры книг
a Ключевые слова библиофилы
a Ключевые слова рукописи древние
a Ключевые слова коллекции рукописей
a Ключевые слова тайны коллекций
686 Индексы других классификаций __
a Классификационный индекс 76.19
2 Код системы rubbk
801 Источник записи _0
a Страна RU
b Организация Ульяновская ОБДЮ
c Дата составления 20110325
g Правила каталогизации RCR
801 Источник записи _1
a Страна RU
b Организация Ульяновская ОБДЮ
c Дата составления 20110325
g Правила каталогизации RCR
852 Данные о местонахождении __
a Наименование организации Ульяновская ОБДЮ
i Авторский знак Б 59
j Шифр хранения 76.1
901 Тип документа __
t Тип документа m
910 Корректоры записи __
a Корректор записи Плотникова
919 __
a Плотникова
938 Служебная информация __
a Имя БД MarkBase